Housing Bill at last (Record no. 74632)

MARC details
000 -LEADER
fixed length control field 01283cab a2200229 4500
001 - CONTROL NUMBER
control field WB4045-09
008 - FIXED-LENGTH DATA ELEMENTS--GENERAL INFORMATION
fixed length control field 041125n2004 000 0 eng u
035 ## - SYSTEM CONTROL NUMBER
System control number (Sirsi) u128134
245 ## - TITLE STATEMENT
Title Housing Bill at last
260 ## - PUBLICATION, DISTRIBUTION, ETC.
Date of publication, distribution, etc. 2004
490 ## - SERIES STATEMENT
Series statement RICS News Service
Volume/sequential designation 23 November 2004 (2)
520 ## - SUMMARY, ETC.
Summary, etc. The Housing Bill received Royal Assent on 19 November 2004. It represents a major reform of the private housing sector, improving the protection of vulnerable tenants, overhauling home buying and selling and regulating estate agents. The Housing Act 2004 comprises reforms in the following areas: Home information packs, including home condition reports; regulation of estate agents; licensing of houses in multiple occupation, selective licensing; tenancy deposit protection; housing health and safety; empty homes, right to buy; park homes; gypsies and travellers and anti-social behaviour; amongst others. http://www.rics.org/RICSWEB/getpage.aspx?p=w3VqEAi m1Uq1d1yw2NlsEA==
590 ## - LOCAL NOTE (RLIN)
Local note WB
650 ## - SUBJECT ADDED ENTRY--TOPICAL TERM
Topical term or geographic name entry element HOUSING ACT 2004
650 ## - SUBJECT ADDED ENTRY--TOPICAL TERM
Topical term or geographic name entry element TENANCY RIGHTS
650 ## - SUBJECT ADDED ENTRY--TOPICAL TERM
Topical term or geographic name entry element PRIVATE HOUSING SECTOR
650 ## - SUBJECT ADDED ENTRY--TOPICAL TERM
Topical term or geographic name entry element PROPERTY-RESIDENTIAL PROPERTY-ACQUISITION AND DISPOSAL OF RESIDENTIAL PROPERTY
650 ## - SUBJECT ADDED ENTRY--TOPICAL TERM
Topical term or geographic name entry element SELLING
650 ## - SUBJECT ADDED ENTRY--TOPICAL TERM
Topical term or geographic name entry element ESTATE AGENTS
690 ## - LOCAL SUBJECT ADDED ENTRY--TOPICAL TERM (OCLC, RLIN)
Topical term or geographic name as entry element HOUSING
942 ## - ADDED ENTRY ELEMENTS (KOHA)
Suppress in OPAC 0
Holdings
Withdrawn status Lost status Source of classification or shelving scheme Damaged status Not for loan Home library Current library Shelving location Date acquired Total Checkouts Full call number Barcode Date last seen Copy number Price effective from Koha item type
    Dewey Decimal Classification     London London News article 25/11/2004   WB4045-09 128134-1001 06/08/2019 1 06/08/2019 News article